Fernando I el Católico y la cultura de su tiempo / (Record no. 63108)

MARC details
000 -LEADER
campo de control de longitud fija 00523nam a2200157 i 4500
001 - NÚMERO DE CONTROL
campo de control 63108
003 - IDENTIFICADOR DE NÚMERO DE CONTROL
campo de control ES-MaACL
005 - FECHA Y HORA DE LA ÚLTIMA TRANSACCIÓN
campo de control 20230906164804.0
007 - CAMPO FIJO DE DESCRIPCIÓN FÍSICA--INFORMACIÓN GENERAL
campo de control de longitud fija t|
008 - DATOS DE LONGITUD FIJA--INFORMACIÓN GENERAL
campo de control de longitud fija 031128s1961 sp ||||1| spa d
245 00 - MENCIÓN DEL TÍTULO
Título Fernando I el Católico y la cultura de su tiempo /
Mención de responsabilidad, etc. por J. Rubio...[et al.].
260 ## - PUBLICACIÓN, DISTRIBUCIÓN, ETC.
Lugar de publicación, distribución, etc. Zaragoza :
Nombre del editor, distribuidor, etc. Institución "Fernando el Católico" de la Diputación Provincial de Zaragoza,
Fecha de publicación, distribución, etc. 1961.
300 ## - DESCRIPCIÓN FÍSICA
Extensión 274 p., 6 lám. ;
Dimensiones 24 cm.
700 1# - ENTRADA AGREGADA--NOMBRE PERSONAL
Nombre de persona Rubio, J.
9 (RLIN) 100347
852 ## - LOCALIZACIÓN
Ubicación ES-MaACL
Número de control de estantería C-21372
Sublocalización o colección R.49868
Holdings
Estatus retirado Estado de pérdida Estado de daño No para préstamo Biblioteca de origen Biblioteca actual Ubicación en estantería Fecha de adquisición Fuente de adquisición Total de préstamos Signatura topográfica completa Código de barras Visto por última vez Precio de reemplazo Tipo de ítem Koha
        Biblioteca del Ateneo de Madrid Biblioteca del Ateneo de Madrid Galería 17/01/2008     C-21372 1066156 23/02/2023 23/02/2023 Libro impreso